[Event "WCO 2016"]
[Site "?"]
[Date "2016.09.09"]
[Round "7"]
[Board "2"]
[WhiteID "10609970"]
[White "Wafa Shrook"]
[BlackID "14104946"]
[Black "Morozova Iuliia"]
[Result "1-0"]
[BlackElo "2025"]
[WhiteElo "2106"]
[LiveChessVersion "1.4.8"]

1. e4 {[%clk 1:30:58]} e6 {[%clk 1:30:53]} 2. d4 {[%clk 1:31:21]} d5
{[%clk 1:31:19]} 3. Nc3 {[%clk 1:31:41]} Bb4 {[%clk 1:31:40]} 4. Nge2
{[%clk 1:32:02]} Nf6 {[%clk 1:22:52]} 5. Bg5 {[%clk 1:30:32]} h6 {[%clk 1:22:39]}
6. Bxf6 {[%clk 1:30:48]} Qxf6 {[%clk 1:22:44]} 7. a3 {[%clk 1:30:51]} Ba5
{[%clk 1:22:22]} 8. b4 {[%clk 1:30:36]} Bb6 {[%clk 1:22:40]} 9. exd5
{[%clk 1:30:10]} O-O {[%clk 1:22:07]} 10. Qd3 {[%clk 1:25:21]} Rd8
{[%clk 1:20:22]} 11. Ne4 {[%clk 1:21:56]} Qe7 {[%clk 1:19:36]} 12. d6
{[%clk 1:13:47]} cxd6 {[%clk 1:18:31]} 13. g3 {[%clk 1:12:58]} d5
{[%clk 1:11:34]} 14. N4c3 {[%clk 1:11:10]} e5 {[%clk 1:09:34]} 15. Bg2
{[%clk 1:09:16]} Bxd4 {[%clk 0:58:35]} 16. O-O {[%clk 1:04:07]} Bxc3
{[%clk 0:55:11]} 17. Nxc3 {[%clk 1:04:23]} d4 {[%clk 0:51:34]} 18. Nd5
{[%clk 1:04:07]} Qd6 {[%clk 0:49:11]} 19. f4 {[%clk 1:03:33]} e4 {[%clk 0:23:25]}
20. Bxe4 {[%clk 0:56:25]} Be6 {[%clk 0:23:29]} 21. c4 {[%clk 0:52:17]} Nc6
{[%clk 0:19:13]} 22. f5 {[%clk 0:41:08]} Bxd5 {[%clk 0:18:51]} 23. Bxd5
{[%clk 0:33:32]} Qf6 {[%clk 0:13:03]} 24. Rad1 {[%clk 0:31:35]} a6
{[%clk 0:11:00]} 25. Rf4 {[%clk 0:26:56]} Rac8 {[%clk 0:10:52]} 26. Bxc6
{[%clk 0:18:07]} Rxc6 {[%clk 0:10:44]} 27. c5 {[%clk 0:17:50]} Rd5
{[%clk 0:03:02]} 28. Qe4 {[%clk 0:16:01]} Re5 {[%clk 0:02:44]} 29. Qxd4
{[%clk 0:15:27]} Rxf5 {[%clk 0:03:01]} 30. Qd8+ {[%clk 0:09:59]} Kh7
{[%clk 0:03:25]} 31. Qxf6 {[%clk 0:07:32]} Rcxf6 {[%clk 0:02:17]} 32. Rxf5
{[%clk 0:07:44]} Rxf5 {[%clk 0:02:43]} 33. Rd7 {[%clk 0:07:45]} Rf3
{[%clk 0:02:59]} 34. Rxb7 {[%clk 0:07:39]} Rxa3 {[%clk 0:03:23]} 35. Rxf7
{[%clk 0:07:00]} Rc3 {[%clk 0:02:15]} 36. Kg2 {[%clk 0:04:52]} Rc4
{[%clk 0:02:15]} 37. Rf4 {[%clk 0:04:36]} Rc2+ {[%clk 0:02:38]} 38. Rf2
{[%clk 0:04:56]} Rc4 {[%clk 0:02:58]} 39. Rf4 {[%clk 0:04:32]} Rc2+
{[%clk 0:03:22]} 40. Kh3 {[%clk 0:34:46]} a5 {[%clk 0:33:24]} 41. bxa5
{[%clk 0:34:57]} Rxc5 {[%clk 0:33:39]} 42. Ra4 {[%clk 0:35:20]} Rc7
{[%clk 0:33:40]} 43. a6 {[%clk 0:35:33]} Ra7 {[%clk 0:34:05]} 44. Kg4
{[%clk 0:35:49]} Kg6 {[%clk 0:34:26]} 45. Kf4 {[%clk 0:35:43]} Kf6
{[%clk 0:34:32]} 46. Ra5 {[%clk 0:35:52]} g6 {[%clk 0:33:53]} 47. h4
{[%clk 0:35:48]} Ke6 {[%clk 0:33:25]} 48. Ke4 {[%clk 0:35:07]} Kd6
{[%clk 0:32:55]} 49. h5 {[%clk 0:35:17]} gxh5 {[%clk 0:24:11]} 50. Rxh5
{[%clk 0:35:07]} Rh7 {[%clk 0:24:20]} 51. Ra5 {[%clk 0:34:48]} Ra7
{[%clk 0:23:51]} 52. Kf5 {[%clk 0:35:03]} Kc6 {[%clk 0:23:00]} 53. Kg6
{[%clk 0:35:17]} Kb6 {[%clk 0:20:48]} 54. Ra2 {[%clk 0:34:49]} Rc7
{[%clk 0:20:57]} 55. a7 {[%clk 0:34:48]} 1-0

[Event "WCO 2016"]
[Site "?"]
[Date "2016.09.09"]
[Round "7"]
[Board "3"]
[WhiteID "207977"]
[White "Barbier Wiebke"]
[BlackID "10609962"]
[Black "Wafa Shahenda"]
[Result "1-0"]
[BlackElo "2113"]
[WhiteElo "2008"]
[LiveChessVersion "1.4.8"]

1. e4 {[%clk 1:30:58]} c5 {[%clk 1:30:50]} 2. d3 {[%clk 1:31:22]} Nc6
{[%clk 1:31:12]} 3. f4 {[%clk 1:31:47]} d5 {[%clk 1:31:09]} 4. Nd2
{[%clk 1:31:07]} Nf6 {[%clk 1:31:03]} 5. Be2 {[%clk 1:30:39]} dxe4
{[%clk 1:28:04]} 6. dxe4 {[%clk 1:28:58]} e5 {[%clk 1:27:17]} 7. fxe5
{[%clk 1:21:57]} Nxe5 {[%clk 1:27:33]} 8. Ngf3 {[%clk 1:20:58]} Nxf3+
{[%clk 1:17:04]} 9. Bxf3 {[%clk 1:19:22]} Qc7 {[%clk 1:10:00]} 10. Qe2
{[%clk 1:04:17]} Be6 {[%clk 1:00:50]} 11. Nc4 {[%clk 0:56:32]} Bxc4
{[%clk 0:53:54]} 12. Qxc4 {[%clk 0:56:40]} Bd6 {[%clk 0:52:32]} 13. Qa4+
{[%clk 0:48:06]} Nd7 {[%clk 0:45:13]} 14. Be3 {[%clk 0:42:47]} O-O
{[%clk 0:41:52]} 15. O-O-O {[%clk 0:40:21]} Nb6 {[%clk 0:38:43]} 16. Qb5
{[%clk 0:37:49]} a6 {[%clk 0:32:40]} 17. Qb3 {[%clk 0:36:41]} Be5
{[%clk 0:31:44]} 18. Kb1 {[%clk 0:30:14]} Qc6 {[%clk 0:31:08]} 19. h4
{[%clk 0:26:03]} a5 {[%clk 0:28:58]} 20. Be2 {[%clk 0:18:50]} Qxe4
{[%clk 0:20:47]} 21. Bf3 {[%clk 0:15:20]} Qb4 {[%clk 0:18:10]} 22. Qxb4
{[%clk 0:15:03]} axb4 {[%clk 0:18:16]} 23. Bxc5 {[%clk 0:15:27]} Nc4
{[%clk 0:17:58]} 24. Bxf8 {[%clk 0:15:27]} Rxf8 {[%clk 0:18:01]} 25. b3
{[%clk 0:11:56]} Na3+ {[%clk 0:17:51]} 26. Kc1 {[%clk 0:11:59]} Bf4+
{[%clk 0:13:31]} 27. Kb2 {[%clk 0:12:03]} Be5+ {[%clk 0:13:30]} 28. c3
{[%clk 0:11:55]} Bxc3+ {[%clk 0:11:19]} 29. Kc1 {[%clk 0:12:18]} Be5
{[%clk 0:09:29]} 30. Rd5 {[%clk 0:09:19]} f6 {[%clk 0:08:34]} 31. Re1
{[%clk 0:06:49]} Rc8+ {[%clk 0:08:13]} 32. Kd1 {[%clk 0:06:47]} Nb1
{[%clk 0:08:04]} 33. Rd7 {[%clk 0:06:26]} Nc3+ {[%clk 0:06:36]} 34. Kd2
{[%clk 0:06:49]} Nxa2 {[%clk 0:05:43]} 35. Bd5+ {[%clk 0:06:49]} Kh8
{[%clk 0:04:36]} 36. Re4 {[%clk 0:06:38]} Nc3 {[%clk 0:04:37]} 37. Rc4
{[%clk 0:06:26]} Re8 {[%clk 0:02:24]} 38. Bxb7 {[%clk 0:06:00]} Bg3
{[%clk 0:01:11]} 39. Kd3 {[%clk 0:05:16]} Nd1 {[%clk 0:01:11]} 40. Rxb4
{[%clk 0:34:50]} Nb2+ {[%clk 0:30:58]} 41. Kc2 {[%clk 0:34:00]} Be5
{[%clk 0:30:03]} 42. Re4 {[%clk 0:33:17]} h5 {[%clk 0:28:46]} 43. Rxe5
{[%clk 0:33:02]} Rxe5 {[%clk 0:29:08]} 44. Kxb2 {[%clk 0:33:28]} Kh7
{[%clk 0:28:04]} 45. b4 {[%clk 0:33:00]} Kh6 {[%clk 0:28:12]} 46. Bc6
{[%clk 0:33:05]} g5 {[%clk 0:28:16]} 47. hxg5+ {[%clk 0:33:28]} fxg5
{[%clk 0:28:17]} 48. b5 {[%clk 0:33:55]} Re6 {[%clk 0:28:13]} 49. Rc7
{[%clk 0:34:05]} Re2+ {[%clk 0:28:02]} 50. Kc3 {[%clk 0:34:29]} Re1
{[%clk 0:26:54]} 51. b6 {[%clk 0:34:55]} 1-0

[Event "WCO 2016"]
[Site "?"]
[Date "2016.09.09"]
[Round "7"]
[Board "4"]
[WhiteID "12911690"]
[White "Sherif Amina"]
[BlackID "205745"]
[Black "Dierckens Sarah"]
[Result "0-1"]
[BlackElo "1830"]
[WhiteElo "2028"]
[LiveChessVersion "1.4.8"]

1. d4 {[%clk 1:30:57]} Nf6 {[%clk 1:30:53]} 2. Nf3 {[%clk 1:31:10]} c5
{[%clk 1:30:18]} 3. e3 {[%clk 1:31:33]} e6 {[%clk 1:29:42]} 4. Bd3
{[%clk 1:31:49]} d5 {[%clk 1:29:14]} 5. O-O {[%clk 1:31:59]} c4 {[%clk 1:26:39]}
6. Be2 {[%clk 1:32:12]} Bd6 {[%clk 1:26:01]} 7. b3 {[%clk 1:26:58]} b5
{[%clk 1:21:07]} 8. a4 {[%clk 1:22:58]} Qa5 {[%clk 1:13:35]} 9. Bd2
{[%clk 1:18:12]} b4 {[%clk 1:08:23]} 10. bxc4 {[%clk 1:17:01]} dxc4
{[%clk 1:08:44]} 11. Bxc4 {[%clk 1:15:30]} O-O {[%clk 1:07:45]} 12. c3
{[%clk 1:06:46]} Bb7 {[%clk 0:57:42]} 13. cxb4 {[%clk 1:05:08]} Qh5
{[%clk 0:57:17]} 14. h3 {[%clk 1:01:02]} Ne4 {[%clk 0:51:41]} 15. Be2
{[%clk 0:58:18]} Nd7 {[%clk 0:47:36]} 16. Na3 {[%clk 0:42:05]} Qg6
{[%clk 0:44:41]} 17. Nc4 {[%clk 0:39:26]} Bc7 {[%clk 0:43:15]} 18. Rc1
{[%clk 0:34:04]} Rac8 {[%clk 0:41:09]} 19. b5 {[%clk 0:32:58]} Rfd8
{[%clk 0:37:10]} 20. Bb4 {[%clk 0:26:23]} e5 {[%clk 0:32:13]} 21. Qb3
{[%clk 0:19:38]} exd4 {[%clk 0:29:44]} 22. exd4 {[%clk 0:19:35]} Bf4
{[%clk 0:26:29]} 23. Ne3 {[%clk 0:13:29]} Nxf2 {[%clk 0:23:30]} 24. Kxf2
{[%clk 0:11:52]} Rxc1 {[%clk 0:17:59]} 25. Rxc1 {[%clk 0:12:10]} Re8
{[%clk 0:14:28]} 26. Rc3 {[%clk 0:09:00]} Nf6 {[%clk 0:13:24]} 27. Kf1
{[%clk 0:04:45]} Ne4 {[%clk 0:11:50]} 28. Ne5 {[%clk 0:02:02]} Bxe5
{[%clk 0:11:21]} 29. dxe5 {[%clk 0:02:31]} Nd2+ {[%clk 0:11:38]} 30. Ke1
{[%clk 0:02:25]} Nxb3 {[%clk 0:11:14]} 31. Rxb3 {[%clk 0:02:50]} Rxe5
{[%clk 0:10:18]} 32. Rd3 {[%clk 0:02:25]} Re8 {[%clk 0:09:56]} 33. g4
{[%clk 0:01:44]} h6 {[%clk 0:08:58]} 34. Nf5 {[%clk 0:01:39]} Qe6
{[%clk 0:07:00]} 35. Re3 {[%clk 0:01:46]} Qd7 {[%clk 0:06:30]} 36. Ne7+
{[%clk 0:01:23]} Kh7 {[%clk 0:06:11]} 37. Bd3+ {[%clk 0:01:20]} g6
{[%clk 0:06:21]} 38. Ke2 {[%clk 0:01:17]} Qd4 {[%clk 0:06:16]} 39. Be1
{[%clk 0:01:01]} Qxa4 {[%clk 0:05:00]} 40. Bc3 {[%clk 0:31:04]} Qa2+
{[%clk 0:34:21]} 41. Ke1 {[%clk 0:30:16]} Qa3 {[%clk 0:31:54]} 42. Bf6
{[%clk 0:30:18]} Qd6 {[%clk 0:30:53]} 43. g5 {[%clk 0:26:12]} hxg5
{[%clk 0:27:40]} 44. Bxg5 {[%clk 0:26:35]} Qb4+ {[%clk 0:21:18]} 45. Kf1
{[%clk 0:25:00]} Qd2 {[%clk 0:19:23]} 46. Rg3 {[%clk 0:22:37]} Qh2
{[%clk 0:16:17]} 47. Nf5 {[%clk 0:18:22]} Qh1+ {[%clk 0:15:51]} 48. Kf2
{[%clk 0:18:42]} Qe1# {[%clk 0:16:15]} 0-1

[Event "WCO 2016"]
[Site "?"]
[Date "2016.09.09"]
[Round "7"]
[Board "1"]
[WhiteID "5104106"]
[White "Real Pereyra Diana Carime"]
[BlackID "15002594"]
[Black "Stojkovska Monika"]
[Result "1/2-1/2"]
[BlackElo "2033"]
[WhiteElo "2136"]
[LiveChessVersion "1.4.8"]

1. e4 {[%clk 1:30:54]} e6 {[%clk 1:30:46]} 2. Nf3 {[%clk 1:30:15]} d5
{[%clk 1:30:59]} 3. Nc3 {[%clk 1:30:37]} d4 {[%clk 1:29:28]} 4. Ne2
{[%clk 1:30:09]} Nf6 {[%clk 1:29:23]} 5. d3 {[%clk 1:18:29]} c5 {[%clk 1:27:58]}
6. g3 {[%clk 1:16:16]} Nc6 {[%clk 1:23:33]} 7. Bg2 {[%clk 1:13:50]} Be7
{[%clk 1:20:58]} 8. a4 {[%clk 1:07:14]} Bd7 {[%clk 1:16:10]} 9. O-O
{[%clk 1:05:19]} O-O {[%clk 1:13:13]} 10. h3 {[%clk 1:02:35]} a6 {[%clk 1:08:53]}
11. Nd2 {[%clk 1:00:23]} b5 {[%clk 0:59:54]} 12. f4 {[%clk 1:00:25]} Qb6
{[%clk 0:58:48]} 13. Kh1 {[%clk 0:59:31]} Rfd8 {[%clk 0:49:53]} 14. g4
{[%clk 0:59:06]} Rac8 {[%clk 0:40:35]} 15. Ng3 {[%clk 0:46:52]} c4
{[%clk 0:33:53]} 16. g5 {[%clk 0:45:04]} Ne8 {[%clk 0:33:15]} 17. dxc4
{[%clk 0:35:48]} Nb4 {[%clk 0:31:14]} 18. axb5 {[%clk 0:35:10]} axb5
{[%clk 0:29:13]} 19. b3 {[%clk 0:35:23]} d3 {[%clk 0:20:36]} 20. cxd3
{[%clk 0:29:16]} Nxd3 {[%clk 0:20:54]} 21. Qe2 {[%clk 0:26:51]} Bc6
{[%clk 0:18:23]} 22. Nf3 {[%clk 0:19:59]} Bc5 {[%clk 0:12:15]} 23. Bd2
{[%clk 0:18:34]} Qb7 {[%clk 0:07:36]} 24. b4 Bxb4 {[%clk 0:05:45]} 25. Bxb4
{[%clk 0:14:09]} Nxb4 {[%clk 0:06:12]} 26. Rab1 {[%clk 0:08:28]} Nd3
{[%clk 0:04:51]} 27. Ne1 {[%clk 0:02:47]} Qd7 {[%clk 0:02:57]} 28. Nxd3
{[%clk 0:02:17]} Qxd3 {[%clk 0:03:25]} 29. Qxd3 {[%clk 0:02:34]} Rxd3
{[%clk 0:03:53]} 30. cxb5 {[%clk 0:02:58]} Bxb5 {[%clk 0:03:35]} 31. Rxb5
{[%clk 0:03:25]} Rxg3 {[%clk 0:04:02]} 32. Rd1 {[%clk 0:02:01]} g6
{[%clk 0:02:03]} 33. Kh2 {[%clk 0:01:38]} Rgc3 {[%clk 0:01:27]} 34. Rb7
{[%clk 0:01:46]} R3c7 {[%clk 0:01:04]} 35. Rxc7 {[%clk 0:01:46]} Rxc7
{[%clk 0:01:30]} 36. Kg3 {[%clk 0:01:21]} Kf8 {[%clk 0:01:18]} 37. Bf3
{[%clk 0:00:57]} Ke7 {[%clk 0:01:42]} 38. Rd3 {[%clk 0:01:00]} Nd6
{[%clk 0:00:59]} 39. Ra3 {[%clk 0:00:38]} Nb5 {[%clk 0:01:23]} 40. Rd3
{[%clk 0:30:48]} Rc3 {[%clk 0:31:11]} 41. Rd2 {[%clk 0:28:57]} e5
{[%clk 0:18:30]} 42. fxe5 {[%clk 0:27:44]} Nc7 {[%clk 0:17:46]} 43. h4
{[%clk 0:22:55]} Ne6 {[%clk 0:17:41]} 44. Rd5 {[%clk 0:16:44]} Nc5
{[%clk 0:17:07]} 45. Kg4 {[%clk 0:08:03]} Nd3 {[%clk 0:06:42]} 46. Ra5
{[%clk 0:05:30]} Ke6 {[%clk 0:04:30]} 47. Ra6+ {[%clk 0:04:06]} Kxe5
{[%clk 0:03:27]} 48. Ra5+ {[%clk 0:03:04]} Kd4 {[%clk 0:00:47]} 49. Bg2
{[%clk 0:02:30]} Nf2+ {[%clk 0:00:37]} 50. Kf4 {[%clk 0:02:58]} Nd3+
{[%clk 0:00:59]} 51. Kg4 {[%clk 0:03:27]} Ne5+ {[%clk 0:00:36]} 52. Kf4
{[%clk 0:03:54]} Nd3+ {[%clk 0:00:52]} 53. Kg4 1/2-1/2

[Event "WCO 2016"]
[Site "?"]
[Date "2016.09.09"]
[Round "7"]
[Board "2"]
[WhiteID "15000133"]
[White "Nikolovska Dragana"]
[BlackID "5104297"]
[Black "Guerrero Rodriguez Alejandra"]
[Result "1/2-1/2"]
[BlackElo "2043"]
[WhiteElo "1886"]
[LiveChessVersion "1.4.8"]

1. e4 {[%clk 1:30:54]} c5 {[%clk 1:30:54]} 2. c3 {[%clk 1:31:07]} g6
{[%clk 1:29:06]} 3. d4 {[%clk 1:31:14]} cxd4 {[%clk 1:29:29]} 4. cxd4
{[%clk 1:31:38]} d5 {[%clk 1:29:51]} 5. e5 {[%clk 1:31:58]} Bg7 {[%clk 1:30:15]}
6. Nf3 {[%clk 1:32:02]} Bg4 {[%clk 1:30:36]} 7. Bb5+ {[%clk 1:31:15]} Nd7
{[%clk 1:30:42]} 8. Nbd2 {[%clk 1:15:24]} Nh6 {[%clk 1:27:17]} 9. O-O
{[%clk 1:14:37]} O-O {[%clk 1:27:09]} 10. h3 {[%clk 1:07:58]} Bxf3
{[%clk 1:23:09]} 11. Nxf3 {[%clk 1:08:15]} a6 {[%clk 1:23:18]} 12. Bxd7
{[%clk 0:58:01]} Qxd7 {[%clk 1:21:06]} 13. Bf4 {[%clk 0:52:29]} f6
{[%clk 1:13:16]} 14. Rc1 {[%clk 0:40:47]} Nf7 {[%clk 1:05:19]} 15. exf6
{[%clk 0:35:25]} Bxf6 {[%clk 1:04:46]} 16. Rc7 {[%clk 0:34:48]} Qf5
{[%clk 1:02:41]} 17. Qd2 {[%clk 0:32:29]} Nd8 {[%clk 1:01:54]} 18. Bh6
{[%clk 0:29:05]} Re8 {[%clk 0:55:22]} 19. Be3 {[%clk 0:23:57]} b5
{[%clk 0:53:55]} 20. Rfc1 {[%clk 0:22:20]} Ne6 {[%clk 0:51:17]} 21. R7c6
{[%clk 0:22:02]} g5 {[%clk 0:44:51]} 22. Nh2 {[%clk 0:18:41]} Nf4
{[%clk 0:37:53]} 23. Nf1 {[%clk 0:13:22]} Bg7 {[%clk 0:33:20]} 24. Ng3
{[%clk 0:12:53]} Qf7 {[%clk 0:31:00]} 25. Ne2 {[%clk 0:11:35]} Rf8
{[%clk 0:30:46]} 26. R1c3 {[%clk 0:05:41]} b4 {[%clk 0:15:49]} 27. R3c5
{[%clk 0:05:37]} a5 {[%clk 0:14:42]} 28. Qc2 {[%clk 0:04:02]} a4 {[%clk 0:13:23]}
29. Ng3 {[%clk 0:02:54]} b3 {[%clk 0:10:07]} 30. axb3 {[%clk 0:01:26]} axb3
{[%clk 0:10:32]} 31. Qxb3 {[%clk 0:01:42]} Ra1+ {[%clk 0:09:55]} 32. Rc1
{[%clk 0:02:00]} Rxc1+ {[%clk 0:08:40]} 33. Rxc1 {[%clk 0:02:26]} h5
{[%clk 0:09:05]} 34. Qd1 {[%clk 0:01:12]} h4 {[%clk 0:08:48]} 35. Nf1
{[%clk 0:01:29]} Qf5 {[%clk 0:08:59]} 36. Ra1 {[%clk 0:00:46]} Rc8
{[%clk 0:07:53]} 37. Qg4 {[%clk 0:00:53]} Qxg4 {[%clk 0:07:54]} 38. hxg4
{[%clk 0:01:22]} Bxd4 {[%clk 0:07:45]} 39. Bxd4 {[%clk 0:00:37]} Ne2+
{[%clk 0:08:09]} 40. Kh2 {[%clk 0:30:50]} Nxd4 {[%clk 0:38:34]} 41. Ne3
{[%clk 0:18:27]} Rc5 {[%clk 0:33:14]} 42. b4 {[%clk 0:11:17]} Rb5
{[%clk 0:31:57]} 43. Ra5 {[%clk 0:10:32]} e6 {[%clk 0:31:44]} 44. Nc2
{[%clk 0:10:21]} Rxa5 {[%clk 0:25:15]} 45. bxa5 {[%clk 0:10:44]} Nb5
{[%clk 0:24:57]} 46. a6 {[%clk 0:08:52]} Kf7 {[%clk 0:23:28]} 47. Nd4
{[%clk 0:04:05]} Na7 {[%clk 0:23:38]} 48. g3 {[%clk 0:02:53]} hxg3+
{[%clk 0:23:27]} 49. Kxg3 {[%clk 0:03:17]} e5 {[%clk 0:22:15]} 50. Nf5
{[%clk 0:01:17]} Ke6 {[%clk 0:19:50]} 51. Kf3 {[%clk 0:01:20]} Kd7
{[%clk 0:16:45]} 52. Nh6 {[%clk 0:01:25]} Ke6 {[%clk 0:12:26]} 53. Ke3
{[%clk 0:01:46]} Nc6 {[%clk 0:12:14]} 54. Kd2 {[%clk 0:01:05]} d4
{[%clk 0:09:21]} 55. f3 {[%clk 0:01:11]} Na7 {[%clk 0:05:35]} 56. Kd3
{[%clk 0:01:20]} Kd5 {[%clk 0:05:24]} 57. Nf7 {[%clk 0:01:28]} Nc6
{[%clk 0:05:45]} 58. Nxg5 {[%clk 0:01:05]} Nb4+ {[%clk 0:06:02]} 59. Kd2
{[%clk 0:01:25]} Nxa6 {[%clk 0:06:27]} 60. Ne4 {[%clk 0:01:34]} Nb4
{[%clk 0:05:20]} 61. Nf6+ {[%clk 0:01:03]} Ke6 {[%clk 0:05:40]} 62. Ne4
{[%clk 0:01:08]} Nd5 {[%clk 0:05:05]} 63. Kd3 {[%clk 0:00:59]} Nf4+
{[%clk 0:05:10]} 1/2-1/2

[Event "WCO 2016"]
[Site "?"]
[Date "2016.09.09"]
[Round "7"]
[Board "3"]
[WhiteID "5104130"]
[White "Fuentes Godoy Lilia Ivonne"]
[BlackID "15001695"]
[Black "Lakinska Simona"]
[Result "1-0"]
[BlackElo "1695"]
[WhiteElo "2142"]
[LiveChessVersion "1.4.8"]

1. d4 {[%clk 1:30:57]} Nf6 {[%clk 1:30:50]} 2. c4 {[%clk 1:31:18]} c5
{[%clk 1:31:06]} 3. d5 {[%clk 1:31:37]} b5 {[%clk 1:31:18]} 4. cxb5
{[%clk 1:31:56]} a6 {[%clk 1:31:43]} 5. bxa6 {[%clk 1:32:16]} Bxa6
{[%clk 1:31:52]} 6. Nc3 {[%clk 1:32:32]} d6 {[%clk 1:32:04]} 7. e4
{[%clk 1:32:35]} Bxf1 {[%clk 1:32:12]} 8. Kxf1 {[%clk 1:32:55]} g6
{[%clk 1:32:26]} 9. Nf3 {[%clk 1:33:19]} Nbd7 {[%clk 1:32:06]} 10. g3
{[%clk 1:33:18]} Bg7 {[%clk 1:32:21]} 11. Kg2 {[%clk 1:33:12]} O-O
{[%clk 1:32:35]} 12. a4 {[%clk 1:33:24]} Qb6 {[%clk 1:32:30]} 13. Qe2
{[%clk 1:23:43]} Qb4 {[%clk 1:31:03]} 14. Bd2 {[%clk 1:19:18]} Rfb8
{[%clk 1:25:52]} 15. Rhb1 {[%clk 1:15:25]} Ne8 {[%clk 0:54:49]} 16. Ne1
{[%clk 0:40:15]} Nb6 {[%clk 0:31:43]} 17. a5 {[%clk 0:24:03]} Nd7
{[%clk 0:25:45]} 18. Nd3 {[%clk 0:20:31]} Qc4 {[%clk 0:21:26]} 19. f4
{[%clk 0:12:59]} Nc7 {[%clk 0:18:47]} 20. Nc1 {[%clk 0:11:57]} Qxe2+
{[%clk 0:14:25]} 21. N1xe2 {[%clk 0:12:19]} Na6 {[%clk 0:14:16]} 22. Ra4
{[%clk 0:07:54]} Rb7 {[%clk 0:12:39]} 23. Nd1 {[%clk 0:05:24]} Rab8
{[%clk 0:08:32]} 24. Bc3 {[%clk 0:05:32]} Rb5 {[%clk 0:03:16]} 25. Rba1
{[%clk 0:03:46]} Nf6 {[%clk 0:01:58]} 26. Ne3 {[%clk 0:02:23]} Nd7
{[%clk 0:01:37]} 27. Nc4 {[%clk 0:02:42]} Bxc3 {[%clk 0:00:57]} 28. bxc3
{[%clk 0:02:39]} Rb1 {[%clk 0:00:49]} 29. Kf3 {[%clk 0:01:18]} Kf8
{[%clk 0:00:49]} 30. Ke3 {[%clk 0:01:32]} Rxa1 {[%clk 0:00:58]} 31. Rxa1
{[%clk 0:01:57]} Ke8 {[%clk 0:00:41]} 32. e5 {[%clk 0:00:55]} dxe5
{[%clk 0:00:42]} 33. fxe5 {[%clk 0:01:19]} Nc7 {[%clk 0:00:38]} 34. Rd1
{[%clk 0:01:08]} Rb3 {[%clk 0:00:42]} 35. d6 {[%clk 0:00:54]} Nb5
{[%clk 0:00:36]} 36. Rd3 {[%clk 0:00:45]} Na3 {[%clk 0:00:37]} 37. Nd2
{[%clk 0:00:33]} Rb5 {[%clk 0:00:54]} 38. Ke4 {[%clk 0:00:32]} Rxa5
{[%clk 0:01:05]} 39. c4 {[%clk 0:00:36]} Nc2 {[%clk 0:00:36]} 40. dxe7
{[%clk 0:30:32]} Kxe7 {[%clk 0:30:59]} 41. Nb3 {[%clk 0:29:06]} Ra3
{[%clk 0:26:48]} 42. Nc3 {[%clk 0:17:55]} f5+ {[%clk 0:10:54]} 43. exf6+
{[%clk 0:01:08]} Nxf6+ {[%clk 0:11:16]} 44. Ke5 {[%clk 0:01:30]} Nd7+
{[%clk 0:10:53]} 45. Kf4 {[%clk 0:01:02]} Nb6 {[%clk 0:05:30]} 46. Nxc5
{[%clk 0:00:33]} Nxc4 {[%clk 0:04:30]} 47. Rd7+ {[%clk 0:00:46]} Ke8
{[%clk 0:04:08]} 48. Nd5 {[%clk 0:00:41]} Nd4 {[%clk 0:00:36]} 49. Nf6+
{[%clk 0:00:33]} Kf8 {[%clk 0:01:04]} 50. Nxh7+ {[%clk 0:00:34]} Kg8
{[%clk 0:01:18]} 51. Nf6+ {[%clk 0:01:03]} Kf8 {[%clk 0:01:32]} 52. Rxd4
{[%clk 0:01:19]} Rc3 {[%clk 0:00:55]} 53. Rd7 {[%clk 0:01:07]} Re3
{[%clk 0:00:45]} 54. Rd4 {[%clk 0:01:07]} Rc3 {[%clk 0:00:59]} 55. Nd5
{[%clk 0:01:00]} Rc2 {[%clk 0:00:41]} 56. Ne6+ {[%clk 0:00:54]} Kf7
{[%clk 0:00:52]} 57. Ng5+ {[%clk 0:01:18]} Kg7 {[%clk 0:01:04]} 58. Nf3
{[%clk 0:00:42]} Na3 {[%clk 0:00:44]} 59. h4 {[%clk 0:00:56]} Nb5
{[%clk 0:00:47]} 60. Re4 {[%clk 0:00:58]} Rc5 {[%clk 0:00:42]} 61. Re7+
{[%clk 0:00:52]} Kf8 {[%clk 0:00:58]} 62. Rd7 {[%clk 0:01:21]} Rc4+
{[%clk 0:01:06]} 63. Ke5 {[%clk 0:01:06]} Rg4 {[%clk 0:01:05]} 64. Ng5
{[%clk 0:01:19]} Rxg3 {[%clk 0:00:58]} 65. Ne6+ {[%clk 0:01:34]} Kg8
{[%clk 0:00:56]} 66. Nf6+ {[%clk 0:02:01]} 1-0

[Event "WCO 2016"]
[Site "?"]
[Date "2016.09.09"]
[Round "7"]
[Board "4"]
[WhiteID "15003590"]
[White "Manova Ivana"]
[BlackID "5105994"]
[Black "Garcia Morales Ivette Ale"]
[Result "0-1"]
[BlackElo "2006"]
[WhiteElo "1724"]
[LiveChessVersion "1.4.8"]

1. e4 {[%clk 1:30:56]} e6 {[%clk 1:30:56]} 2. d4 {[%clk 1:31:16]} d5
{[%clk 1:31:24]} 3. Nd2 {[%clk 1:31:24]} Nf6 {[%clk 1:31:42]} 4. e5
{[%clk 1:31:21]} Nfd7 {[%clk 1:32:09]} 5. f4 {[%clk 1:31:00]} c5 {[%clk 1:32:20]}
6. c3 {[%clk 1:30:59]} Nc6 {[%clk 1:32:19]} 7. Ndf3 {[%clk 1:30:32]} a5
{[%clk 1:32:09]} 8. g3 {[%clk 1:18:05]} a4 {[%clk 1:31:58]} 9. Ne2
{[%clk 1:06:49]} cxd4 {[%clk 1:17:39]} 10. Nexd4 {[%clk 0:45:22]} Nxd4
{[%clk 1:03:33]} 11. cxd4 {[%clk 0:38:12]} a3 {[%clk 0:52:33]} 12. Qb3
{[%clk 0:19:20]} Be7 {[%clk 0:44:49]} 13. Bd3 {[%clk 0:16:58]} O-O
{[%clk 0:34:01]} 14. O-O {[%clk 0:16:44]} axb2 {[%clk 0:30:49]} 15. Bxb2
{[%clk 0:15:38]} g6 {[%clk 0:31:07]} 16. a4 {[%clk 0:12:47]} b6 {[%clk 0:30:37]}
17. Ba3 {[%clk 0:10:46]} Ba6 {[%clk 0:29:50]} 18. Bxe7 {[%clk 0:07:05]} Qxe7
{[%clk 0:30:13]} 19. Bxa6 {[%clk 0:07:04]} Rxa6 {[%clk 0:30:42]} 20. Rfc1
{[%clk 0:07:14]} Rfa8 {[%clk 0:28:53]} 21. Rc6 {[%clk 0:02:10]} Qe8
{[%clk 0:28:22]} 22. Rd6 {[%clk 0:01:12]} Ra5 {[%clk 0:23:55]} 23. Ne1
{[%clk 0:00:33]} b5 {[%clk 0:21:20]} 24. Nd3 {[%clk 0:00:33]} bxa4
{[%clk 0:20:45]} 25. Qc3 {[%clk 0:00:32]} Nf8 {[%clk 0:16:22]} 26. Nb4
{[%clk 0:00:36]} Qb5 {[%clk 0:12:10]} 27. Nc6 R5a6 {[%clk 0:12:34]} 28. Ne7+
{[%clk 0:00:32]} Kg7 {[%clk 0:12:57]} 29. Qc5 {[%clk 0:00:38]} Qb2
{[%clk 0:11:55]} 30. Qa3 {[%clk 0:00:36]} Qxd4+ {[%clk 0:12:11]} 31. Kh1
{[%clk 0:00:38]} Qe4+ {[%clk 0:09:19]} 32. Kg1 {[%clk 0:00:56]} Ra5
{[%clk 0:06:51]} 33. Rb6 {[%clk 0:00:40]} Qd4+ {[%clk 0:07:12]} 0-1